000 00734nam a22002177a 4500
008 130821s2001 xxua gr eng
020 _a0781723795
040 _aCo-BoUCM
_bspa
041 0 0 _aeng
060 _aWP 870
_25
100 1 _aRosen, Paul Peter.
_9171450
245 1 0 _aRosen's breast pathology
_cPaul Peter Rosen
246 3 0 _aBreast pathology
250 _a2a. ed.
260 _aFiladelfia (Pensilvania, Estados Unidos)
_bLippincott Williams & Wilkins
_c2001
300 _axviii, 1004 páginas
_bilustraciones
504 _aIncluye referencias bibliográficas e indice.
650 0 4 _aMamas
_xCáncer
_xPatofisiologia
_918891
650 0 4 _aMamas
_xPatofisiologia
_918891
942 _cLIBRO
_a12
_e2
_mR628B
_2NLM
_hWP 870
999 _c90284
_d90284